[Event "Lignano Sabbiadoro op 1st"]
[Site "Lignano Sabbiadoro"]
[Date "2015.08.02"]
[Round "2.6"]
[White "Micottis, Dorian"]
[Black "Lattuada, Davide"]
[Result "1-0"]
[WhiteElo "2228"]
[BlackElo "1948"]
[PlyCount "102"]
[EventDate "2015.08.01"]
[EventType "swiss"]
[EventRounds "9"]
[EventCountry "ITA"]
[SourceTitle "EXT 2024"]
[Source "ChessBase"]
[SourceDate "2023.10.10"]
[SourceVersion "1"]
[SourceVersionDate "2023.10.10"]
[SourceQuality "1"]

1. e4 c5 2. Nf3 d6 3. d4 cxd4 4. Nxd4 Nf6 5. Nc3 g6 6. Be3 Bg7 7. f3 0-0 8. Qd2 Nc6 9. Bc4 Bd7 10. 0-0-0 Rc8 11. Bb3 Re8 12. Kb1 Ne5 13. g4 a6 14. h4 h5 15. gxh5 Nxh5 16. Rdg1 Nc4 17. Bxc4 Rxc4 18. Nde2 Qa5 19. Rg5 b5 20. Rhg1 Kh7 21. Qd5 Be6 22. Rxh5+ Kg8 23. Qd2 Rec8 24. Bd4 Rxc3 25. Nxc3 Rxc3 26. a3 Rxa3 27. Qxa5 Rxa5 28. Bxg7 Kxg7 29. Rhg5 Ra4 30. b3 Rd4 31. h5 Bd7 32. hxg6 Be6 33. R5g2 f6 34. c3 Rd3 35. Kc2 Rxf3 36. Rh1 Bg8 37. Ra1 Re3 38. Rg4 Be6 39. Kd2 Rh3 40. Rg2 Bc8 41. Re1 Bb7 42. Rg4 Bc8 43. Rgg1 Bb7 44. Re2 Rh4 45. Kd3 Bc8 46. c4 Bb7 47. Rc1 Rh3+ 48. Re3 Bxe4+ 49. Kxe4 f5+ 50. Kd3 bxc4+ 51. Rxc4 f4 1-0